[Event "DEM U12w 2023"]
[Site "Willingen GER"]
[Date "2023.05.31"]
[Round "6"]
[White "Czäczine, Paula"]
[Black "Bakó, Isabella"]
[Result "1-0"]
[Termination "normal"]
[Board "1"]
[WhiteElo "1549"]
[BlackElo "1214"]
[WhiteClock "00:44:05"]
[BlackClock "00:09:30"]
[PlyCount "127"]
[WhiteFideId "16249305"]
[BlackFideId "16287266"]
[EventCountry "GER"]
[EventRounds "9"]
[EventType "swiss"]
[EventDate "2023.05.27"]

1. e4 {[%clk 01:30:57]} {[%emt 00:00:02]} c5 {[%clk 01:30:53]} {[%emt
00:00:07]} 2. Nf3 {[%clk 01:31:20]} {[%emt 00:00:08]} d6 {[%clk 01:31:06]}
{[%emt 00:00:16]} 3. d4 {[%clk 01:31:42]} {[%emt 00:00:10]} cxd4 {[%clk
01:31:22]} {[%emt 00:00:13]} 4. Nxd4 {[%clk 01:32:04]} {[%emt 00:00:08]} Nf6
{[%clk 01:31:41]} {[%emt 00:00:11]} 5. Nc3 {[%clk 01:32:25]} {[%emt 00:00:09]}
g6 {[%clk 01:31:45]} {[%emt 00:00:25]} 6. Be3 {[%clk 01:32:35]} {[%emt
00:00:21]} Bg7 {[%clk 01:31:59]} {[%emt 00:00:16]} 7. f3 {[%clk 01:32:45]}
{[%emt 00:00:20]} O-O {[%clk 01:32:05]} {[%emt 00:00:23]} 8. Qd2 {[%clk
01:33:00]} {[%emt 00:00:17]} Nc6 {[%clk 01:32:02]} {[%emt 00:00:33]} 9. O-O-O
{[%clk 01:33:16]} {[%emt 00:00:13]} d5 {[%clk 01:32:10]} {[%emt 00:00:22]} 10.
exd5 {[%clk 01:33:18]} {[%emt 00:00:28]} Nxd5 {[%clk 01:28:49]} {[%emt
00:03:51]} 11. Nxc6 {[%clk 01:33:33]} {[%emt 00:00:16]} bxc6 {[%clk 01:29:05]}
{[%emt 00:00:13]} 12. Bd4 {[%clk 01:33:49]} {[%emt 00:00:14]} e5 {[%clk
01:28:42]} {[%emt 00:00:53]} 13. Bc5 {[%clk 01:33:44]} {[%emt 00:00:36]} Re8
{[%clk 01:28:04]} {[%emt 00:01:07]} 14. h4 {[%clk 01:32:37]} {[%emt 00:01:38]}
Be6 {[%clk 01:22:50]} {[%emt 00:05:43]} 15. Ne4 {[%clk 01:32:19]} {[%emt
00:00:48]} Qc7 {[%clk 01:08:20]} {[%emt 00:14:59]} 16. g4 {[%clk 01:27:01]}
{[%emt 00:05:48]} a5 {[%clk 01:02:45]} {[%emt 00:06:06]} 17. h5 {[%clk
01:18:37]} {[%emt 00:08:54]} Nb4 {[%clk 00:52:11]} {[%emt 00:11:04]} 18. a3
{[%clk 01:18:23]} {[%emt 00:00:45]} Red8 {[%clk 00:45:04]} {[%emt 00:07:36]}
19. Qe1 {[%clk 01:16:48]} {[%emt 00:02:05]} f5 {[%clk 00:31:11]} {[%emt
00:14:23]} 20. Nc3 {[%clk 01:03:58]} {[%emt 00:13:20]} Na2+ {[%clk 00:27:26]}
{[%emt 00:04:15]} 21. Nxa2 {[%clk 01:03:45]} {[%emt 00:00:43]} Bxa2 {[%clk
00:26:37]} {[%emt 00:01:19]} 22. hxg6 {[%clk 01:01:46]} {[%emt 00:02:29]} e4
{[%clk 00:22:28]} {[%emt 00:04:39]} 23. Rxh7 {[%clk 00:56:47]} {[%emt
00:05:29]} Qe5 {[%clk 00:18:41]} {[%emt 00:04:16]} 24. Rxg7+ {[%clk 00:56:31]}
{[%emt 00:00:47]} Qxg7 {[%clk 00:17:47]} {[%emt 00:01:24]} 25. gxf5 {[%clk
00:44:54]} {[%emt 00:12:07]} exf3 {[%clk 00:16:23]} {[%emt 00:01:54]} 26. Bd3
{[%clk 00:41:40]} {[%emt 00:03:44]} Re8 {[%clk 00:15:33]} {[%emt 00:01:20]} 27.
Qh4 {[%clk 00:38:12]} {[%emt 00:03:57]} Rf8 {[%clk 00:05:08]} {[%emt 00:10:55]}
28. Bc4+ {[%clk 00:37:06]} {[%emt 00:01:37]} Bxc4 {[%clk 00:05:24]} {[%emt
00:00:14]} 29. Qxc4+ {[%clk 00:37:29]} {[%emt 00:00:06]} Rf7 {[%clk 00:05:32]}
{[%emt 00:00:22]} 30. Qxf7+ {[%emt 00:00:18]} Qxf7 {[%clk 00:05:44]} {[%emt
00:00:16]} 31. gxf7+ {[%clk 00:38:08]} {[%emt 00:00:06]} Kxf7 {[%clk 00:06:09]}
{[%emt 00:00:05]} 32. Rf1 {[%clk 00:38:16]} {[%emt 00:00:22]} Kf6 {[%clk
00:05:47]} {[%emt 00:00:51]} 33. Rxf3 {[%clk 00:38:33]} {[%emt 00:00:14]} Re8
{[%clk 00:05:30]} {[%emt 00:00:47]} 34. Kd2 {[%clk 00:38:14]} {[%emt 00:00:48]}
Rd8+ {[%clk 00:05:27]} {[%emt 00:00:34]} 35. Kc3 {[%clk 00:38:24]} {[%emt
00:00:21]} Rd5 {[%clk 00:04:46]} {[%emt 00:01:10]} 36. Bd4+ {[%clk 00:38:35]}
{[%emt 00:00:18]} Kf7 {[%clk 00:05:02]} {[%emt 00:00:14]} 37. f6 {[%clk
00:38:25]} {[%emt 00:00:41]} Rd6 {[%clk 00:04:24]} {[%emt 00:01:08]} 38. Kc4
{[%clk 00:38:20]} {[%emt 00:00:35]} Re6 {[%clk 00:04:24]} {[%emt 00:00:30]} 39.
Rf2 {[%clk 00:38:24]} {[%emt 00:00:26]} a4 {[%clk 00:03:53]} {[%emt 00:01:01]}
40. Kc5 {[%clk 00:38:22]} {[%emt 00:00:32]} Re4 {[%clk 00:03:41]} {[%emt
00:00:42]} 41. Bc3 {[%clk 00:38:35]} {[%emt 00:00:17]} Re6 {[%clk 00:03:56]}
{[%emt 00:00:14]} 42. Rd2 {[%clk 00:38:40]} {[%emt 00:00:26]} Ke8 {[%clk
00:04:02]} {[%emt 00:00:23]} 43. Rd6 {[%clk 00:38:45]} {[%emt 00:00:25]} Re2
{[%clk 00:04:10]} {[%emt 00:00:21]} 44. Rxc6 {[%clk 00:38:52]} {[%emt
00:00:25]} Rxc2 {[%clk 00:04:29]} {[%emt 00:00:11]} 45. Rc7 {[%clk 00:39:04]}
{[%emt 00:00:18]} Kd8 {[%clk 00:04:17]} {[%emt 00:00:42]} 46. Rh7 {[%clk
00:39:13]} {[%emt 00:00:21]} Rf2 {[%clk 00:04:33]} {[%emt 00:00:13]} 47. Kd6
{[%clk 00:39:13]} {[%emt 00:00:30]} Ke8 {[%clk 00:04:39]} {[%emt 00:00:25]} 48.
f7+ {[%clk 00:39:17]} {[%emt 00:00:26]} Rxf7 {[%clk 00:04:56]} {[%emt
00:00:14]} 49. Rxf7 {[%clk 00:39:39]} {[%emt 00:00:07]} Kxf7 {[%clk 00:05:23]}
{[%emt 00:00:02]} 50. Kc5 {[%clk 00:40:02]} {[%emt 00:00:08]} Ke6 {[%clk
00:05:49]} {[%emt 00:00:04]} 51. Kb4 {[%clk 00:40:28]} {[%emt 00:00:03]} Kd6
{[%clk 00:06:15]} {[%emt 00:00:05]} 52. Kxa4 {[%clk 00:40:54]} {[%emt
00:00:05]} Kc6 {[%clk 00:06:34]} {[%emt 00:00:10]} 53. Ka5 {[%clk 00:41:06]}
{[%emt 00:00:18]} Kb7 {[%clk 00:06:54]} {[%emt 00:00:09]} 54. b4 {[%clk
00:41:29]} {[%emt 00:00:07]} Ka7 {[%clk 00:07:19]} {[%emt 00:00:06]} 55. b5
{[%clk 00:41:38]} {[%emt 00:00:21]} Kb7 {[%clk 00:07:26]} {[%emt 00:00:22]} 56.
b6 {[%clk 00:42:01]} {[%emt 00:00:08]} Ka8 {[%clk 00:07:51]} {[%emt 00:00:05]}
57. Ka6 {[%clk 00:42:24]} {[%emt 00:00:07]} Kb8 {[%clk 00:08:13]} {[%emt
00:00:07]} 58. b7 {[%clk 00:42:48]} {[%emt 00:00:06]} Kc7 {[%clk 00:08:39]}
{[%emt 00:00:04]} 59. Be5+ {[%clk 00:43:12]} {[%emt 00:00:07]} Kc6 {[%clk
00:08:53]} {[%emt 00:00:16]} 60. b8=Q {[%clk 00:43:30]} {[%emt 00:00:12]} Kd7
{[%clk 00:08:37]} {[%emt 00:00:46]} 61. Qd6+ {[%clk 00:43:37]} {[%emt
00:00:23]} Ke8 {[%clk 00:08:44]} {[%emt 00:00:23]} 62. Qc7 {[%clk 00:43:45]}
{[%emt 00:00:22]} Kf8 {[%clk 00:09:07]} {[%emt 00:00:06]} 63. Qd7 {[%clk
00:44:05]} {[%emt 00:00:11]} Kg8 {[%clk 00:09:30]} {[%emt 00:00:05]} 64. Qg7#
{[%emt 00:00:05]} 1-0

[Event "DEM U12w 2023"]
[Site "Willingen GER"]
[Date "2023.05.31"]
[Round "6"]
[White "Ramakrishnan, Veda"]
[Black "Rössling, Laura Marie"]
[Result "1-0"]
[Termination "normal"]
[Board "2"]
[WhiteElo "1231"]
[BlackElo "1312"]
[WhiteClock "00:55:23"]
[BlackClock "00:41:34"]
[PlyCount "71"]
[WhiteFideId "16269519"]
[BlackFideId "16289471"]
[EventCountry "GER"]
[EventRounds "9"]
[EventType "swiss"]
[EventDate "2023.05.27"]

1. d4 {[%clk 01:30:57]} {[%emt 00:00:02]} d5 {[%clk 01:30:47]} {[%emt
00:00:13]} 2. c4 {[%clk 01:31:19]} {[%emt 00:00:08]} e6 {[%clk 01:31:08]}
{[%emt 00:00:09]} 3. Nc3 {[%clk 01:31:43]} {[%emt 00:00:07]} Nf6 {[%clk
01:31:11]} {[%emt 00:00:26]} 4. cxd5 {[%clk 01:32:02]} {[%emt 00:00:11]} exd5
{[%clk 01:29:29]} {[%emt 00:02:12]} 5. Bg5 {[%clk 01:32:17]} {[%emt 00:00:15]}
Be7 {[%clk 01:28:05]} {[%emt 00:01:53]} 6. e3 {[%clk 01:32:28]} {[%emt
00:00:19]} O-O {[%clk 01:27:09]} {[%emt 00:01:27]} 7. Bd3 {[%clk 01:32:26]}
{[%emt 00:00:32]} h6 {[%clk 01:26:04]} {[%emt 00:01:35]} 8. Bf4 {[%clk
01:32:07]} {[%emt 00:00:48]} a6 {[%clk 01:23:44]} {[%emt 00:02:51]} 9. Nge2
{[%clk 01:31:42]} {[%emt 00:00:55]} Nc6 {[%clk 01:22:26]} {[%emt 00:01:49]} 10.
a3 {[%clk 01:29:40]} {[%emt 00:02:31]} Bg4 {[%clk 01:18:01]} {[%emt 00:04:48]}
11. O-O {[%clk 01:28:13]} {[%emt 00:02:04]} Re8 {[%clk 01:16:12]} {[%emt
00:02:19]} 12. Qc2 {[%clk 01:25:36]} {[%emt 00:03:06]} Bf8 {[%clk 01:10:51]}
{[%emt 00:05:52]} 13. h3 {[%clk 01:24:58]} {[%emt 00:01:09]} Bxe2 {[%clk
01:08:35]} {[%emt 00:02:45]} 14. Nxe2 {[%clk 01:25:13]} {[%emt 00:00:14]} Bd6
{[%clk 01:05:58]} {[%emt 00:03:03]} 15. Bxd6 {[%clk 01:20:46]} {[%emt
00:05:02]} Qxd6 {[%clk 01:04:24]} {[%emt 00:02:05]} 16. Nc3 {[%clk 01:18:37]}
{[%emt 00:02:39]} b5 {[%clk 01:00:29]} {[%emt 00:04:24]} 17. b4 {[%clk
01:16:15]} {[%emt 00:02:52]} Nd8 {[%clk 00:58:21]} {[%emt 00:02:35]} 18. Nb1
{[%clk 01:11:12]} {[%emt 00:05:36]} Ne4 {[%clk 00:56:52]} {[%emt 00:01:59]} 19.
Nd2 {[%clk 01:09:31]} {[%emt 00:02:12]} Nxd2 {[%clk 00:56:32]} {[%emt
00:00:49]} 20. Qxd2 {[%clk 01:09:53]} {[%emt 00:00:08]} Ne6 {[%clk 00:56:46]}
{[%emt 00:00:15]} 21. Rfc1 {[%clk 01:08:29]} {[%emt 00:01:55]} Ng5 {[%clk
00:56:06]} {[%emt 00:01:08]} 22. Rc5 {[%clk 01:04:15]} {[%emt 00:04:47]} Ne4
{[%clk 00:55:18]} {[%emt 00:01:17]} 23. Bxe4 {[%clk 01:04:21]} {[%emt
00:00:25]} dxe4 {[%clk 00:55:06]} {[%emt 00:00:41]} 24. Rac1 {[%clk 01:04:31]}
{[%emt 00:00:20]} Ra7 {[%clk 00:54:55]} {[%emt 00:00:39]} 25. Qc2 {[%clk
01:03:08]} {[%emt 00:01:54]} Re7 {[%clk 00:54:40]} {[%emt 00:00:47]} 26. Rc6
{[%clk 00:59:35]} {[%emt 00:04:03]} Qd7 {[%clk 00:54:32]} {[%emt 00:00:36]} 27.
Qc5 {[%clk 00:59:20]} {[%emt 00:00:45]} Re6 {[%clk 00:43:16]} {[%emt 00:11:47]}
28. Rxe6 {[%clk 00:59:00]} {[%emt 00:00:50]} Qxe6 {[%clk 00:42:45]} {[%emt
00:01:02]} 29. Qxa7 {[%clk 00:59:24]} {[%emt 00:00:05]} Qb3 {[%clk 00:43:05]}
{[%emt 00:00:09]} 30. Rxc7 {[%clk 00:55:56]} {[%emt 00:03:59]} Qe6 {[%clk
00:42:19]} {[%emt 00:01:16]} 31. Rb7 {[%clk 00:55:07]} {[%emt 00:01:18]} Kh7
{[%clk 00:42:29]} {[%emt 00:00:22]} 32. Rxf7 {[%clk 00:55:07]} {[%emt
00:00:29]} Qg6 {[%clk 00:42:35]} {[%emt 00:00:20]} 33. Rb7 {[%clk 00:55:12]}
{[%emt 00:00:28]} Qf6 {[%clk 00:42:49]} {[%emt 00:00:16]} 34. Rb6 {[%clk
00:55:16]} {[%emt 00:00:27]} Qf8 {[%clk 00:42:38]} {[%emt 00:00:39]} 35. Qxa6
{[%clk 00:55:23]} {[%emt 00:00:25]} Qf7 {[%clk 00:41:34]} {[%emt 00:01:31]} 36.
Qxb5 {[%emt 00:02:33]} 1-0

[Event "DEM U12w 2023"]
[Site "Willingen GER"]
[Date "2023.05.31"]
[Round "6"]
[White "Stiehler, Mara"]
[Black "Wagner, Cosima Thien-An"]
[Result "0-1"]
[Termination "normal"]
[Board "3"]
[WhiteElo "1227"]
[BlackElo "1565"]
[WhiteClock "00:10:36"]
[BlackClock "00:04:38"]
[PlyCount "86"]
[WhiteFideId "34621199"]
[BlackFideId "34603484"]
[EventCountry "GER"]
[EventRounds "9"]
[EventType "swiss"]
[EventDate "2023.05.27"]

1. e4 {[%clk 01:30:59]} c5 {[%clk 01:30:57]} {[%emt 00:00:04]} 2. Nc3 {[%clk
01:31:20]} {[%emt 00:00:08]} g6 {[%clk 01:30:59]} {[%emt 00:00:28]} 3. d4
{[%clk 01:31:41]} {[%emt 00:00:08]} cxd4 {[%clk 01:31:21]} {[%emt 00:00:09]} 4.
Qxd4 {[%clk 01:32:01]} {[%emt 00:00:08]} Nf6 {[%clk 01:31:42]} {[%emt
00:00:10]} 5. Be3 {[%clk 01:32:18]} {[%emt 00:00:13]} Nc6 {[%clk 01:31:56]}
{[%emt 00:00:17]} 6. Qd2 {[%clk 01:32:38]} {[%emt 00:00:09]} Bg7 {[%clk
01:31:52]} {[%emt 00:00:35]} 7. f3 {[%clk 01:32:40]} {[%emt 00:00:27]} d6
{[%clk 01:31:45]} {[%emt 00:00:38]} 8. O-O-O {[%clk 01:32:44]} {[%emt
00:00:26]} O-O {[%clk 01:31:53]} {[%emt 00:00:22]} 9. Nge2 {[%clk 01:32:21]}
{[%emt 00:00:53]} a6 {[%clk 01:31:00]} {[%emt 00:01:24]} 10. Kb1 {[%clk
01:32:21]} {[%emt 00:00:29]} Bd7 {[%clk 01:29:24]} {[%emt 00:02:06]} 11. h4
{[%clk 01:30:26]} {[%emt 00:02:24]} h5 {[%clk 01:27:16]} {[%emt 00:02:39]} 12.
g4 {[%clk 01:29:33]} {[%emt 00:01:23]} hxg4 {[%clk 01:25:27]} {[%emt 00:02:19]}
13. h5 {[%clk 01:28:33]} {[%emt 00:01:30]} Nxh5 {[%clk 01:18:04]} {[%emt
00:07:53]} 14. Bh6 {[%clk 01:20:38]} {[%emt 00:08:24]} Ne5 {[%clk 00:55:30]}
{[%emt 00:23:06]} 15. Bxg7 {[%clk 01:03:08]} {[%emt 00:17:59]} Kxg7 {[%clk
00:53:04]} {[%emt 00:02:56]} 16. Nf4 {[%clk 00:52:40]} {[%emt 00:10:57]} Nxf4
{[%clk 00:47:15]} {[%emt 00:06:20]} 17. Qxf4 {[%clk 00:51:12]} {[%emt
00:01:57]} Rh8 {[%clk 00:44:22]} {[%emt 00:03:24]} 18. Bg2 {[%clk 00:47:52]}
{[%emt 00:03:49]} gxf3 {[%clk 00:41:16]} {[%emt 00:03:37]} 19. Bxf3 {[%clk
00:46:04]} {[%emt 00:02:17]} Nxf3 {[%clk 00:40:18]} {[%emt 00:01:29]} 20. Qxf3
{[%clk 00:45:42]} {[%emt 00:00:52]} f6 {[%clk 00:26:02]} {[%emt 00:14:46]} 21.
Nd5 {[%clk 00:40:04]} {[%emt 00:06:07]} Be6 {[%clk 00:20:25]} {[%emt 00:06:08]}
22. Rxh8 {[%clk 00:37:10]} {[%emt 00:03:24]} Kxh8 {[%clk 00:19:55]} {[%emt
00:01:00]} 23. Nf4 {[%clk 00:36:09]} {[%emt 00:01:30]} Bf7 {[%clk 00:19:23]}
{[%emt 00:01:03]} 24. Qh3+ {[%clk 00:35:07]} {[%emt 00:01:31]} Kg7 {[%clk
00:19:27]} {[%emt 00:00:25]} 25. Rg1 {[%clk 00:33:39]} {[%emt 00:02:00]} g5
{[%clk 00:16:18]} {[%emt 00:03:39]} 26. Qf5 {[%clk 00:27:49]} {[%emt 00:06:19]}
Qc8 {[%clk 00:14:48]} {[%emt 00:02:01]} 27. Qa5 {[%clk 00:27:13]} {[%emt
00:01:05]} Qc5 {[%clk 00:13:51]} {[%emt 00:01:27]} 28. Qe1 {[%clk 00:26:51]}
{[%emt 00:00:52]} Rc8 {[%clk 00:13:01]} {[%emt 00:01:21]} 29. Rg2 {[%clk
00:23:54]} {[%emt 00:03:26]} Qc4 {[%clk 00:12:42]} {[%emt 00:00:50]} 30. b3
{[%clk 00:23:14]} {[%emt 00:01:09]} Qc3 {[%clk 00:12:50]} {[%emt 00:00:23]} 31.
Qh1 {[%clk 00:22:06]} {[%emt 00:01:37]} Rh8 {[%clk 00:12:23]} {[%emt 00:00:58]}
32. Qg1 {[%clk 00:21:26]} {[%emt 00:01:10]} Qf3 {[%clk 00:11:12]} {[%emt
00:01:41]} 33. Ne2 {[%clk 00:15:50]} {[%emt 00:06:06]} Qxe4 {[%clk 00:11:14]}
{[%emt 00:00:28]} 34. Ng3 {[%clk 00:14:16]} {[%emt 00:02:04]} Qd5 {[%clk
00:10:28]} {[%emt 00:01:16]} 35. Re2 {[%clk 00:13:15]} {[%emt 00:01:30]} Re8
{[%clk 00:09:27]} {[%emt 00:01:31]} 36. Qf2 {[%clk 00:12:54]} {[%emt 00:00:51]}
Bg6 {[%clk 00:08:25]} {[%emt 00:01:32]} 37. Qe1 {[%clk 00:12:56]} {[%emt
00:00:28]} Kf7 {[%clk 00:08:10]} {[%emt 00:00:46]} 38. Qb4 {[%clk 00:11:56]}
{[%emt 00:01:30]} Rc8 {[%clk 00:06:21]} {[%emt 00:02:18]} 39. Rd2 {[%clk
00:10:48]} {[%emt 00:01:39]} Qc5 {[%clk 00:05:44]} {[%emt 00:01:06]} 40. Qxb7
{[%clk 00:10:19]} {[%emt 00:00:59]} Bxc2+ {[%clk 00:05:07]} {[%emt 00:01:07]}
41. Kb2 {[%clk 00:10:28]} {[%emt 00:00:22]} Qc3+ {[%clk 00:04:50]} {[%emt
00:00:47]} 42. Ka3 {[%clk 00:10:17]} {[%emt 00:00:41]} Qa5+ {[%clk 00:04:35]}
{[%emt 00:00:46]} 43. Kb2 {[%clk 00:10:36]} {[%emt 00:00:10]} Qxd2 {[%clk
00:04:38]} {[%emt 00:00:26]} 0-1

[Event "DEM U12w 2023"]
[Site "Willingen GER"]
[Date "2023.05.31"]
[Round "6"]
[White "John, Linnea"]
[Black "Mehner, Clara"]
[Result "1/2-1/2"]
[Termination "normal"]
[Board "4"]
[WhiteElo "1396"]
[BlackElo "1250"]
[WhiteClock "00:13:57"]
[BlackClock "00:06:26"]
[PlyCount "68"]
[WhiteFideId "34623680"]
[BlackFideId "34612165"]
[EventCountry "GER"]
[EventRounds "9"]
[EventType "swiss"]
[EventDate "2023.05.27"]

1. e4 {[%clk 01:30:57]} {[%emt 00:00:02]} e6 {[%clk 01:30:55]} {[%emt
00:00:05]} 2. d4 {[%clk 01:31:16]} {[%emt 00:00:11]} d5 {[%clk 01:31:17]}
{[%emt 00:00:07]} 3. Nc3 {[%clk 01:31:35]} {[%emt 00:00:12]} Bb4 {[%clk
01:30:30]} {[%emt 00:01:17]} 4. Nge2 {[%clk 01:31:01]} {[%emt 00:01:01]} dxe4
{[%clk 01:27:09]} {[%emt 00:03:55]} 5. a3 {[%clk 01:30:05]} {[%emt 00:01:27]}
Bxc3+ {[%clk 01:22:53]} {[%emt 00:04:44]} 6. Nxc3 {[%clk 01:30:18]} {[%emt
00:00:17]} Nc6 {[%clk 01:19:25]} {[%emt 00:03:57]} 7. Bb5 {[%clk 01:24:18]}
{[%emt 00:06:31]} Bd7 {[%clk 01:17:12]} {[%emt 00:02:43]} 8. O-O {[%clk
01:22:23]} {[%emt 00:02:25]} Nf6 {[%clk 01:13:13]} {[%emt 00:04:29]} 9. Bg5
{[%clk 01:21:20]} {[%emt 00:01:33]} O-O {[%clk 01:11:36]} {[%emt 00:02:07]} 10.
Nxe4 {[%clk 01:18:55]} {[%emt 00:02:56]} Kh8 {[%clk 01:03:50]} {[%emt
00:08:15]} 11. Bxf6 {[%clk 01:05:27]} {[%emt 00:13:58]} gxf6 {[%clk 01:03:11]}
{[%emt 00:01:09]} 12. Qh5 {[%clk 01:03:07]} {[%emt 00:02:50]} Rg8 {[%clk
00:47:25]} {[%emt 00:16:16]} 13. Qxf7 {[%clk 00:51:02]} {[%emt 00:12:34]} Rg6
{[%clk 00:42:39]} {[%emt 00:05:16]} 14. Nc5 {[%clk 00:46:29]} {[%emt 00:05:04]}
Rg7 {[%clk 00:36:03]} {[%emt 00:07:05]} 15. Qh5 {[%clk 00:44:42]} {[%emt
00:02:18]} a6 {[%clk 00:27:47]} {[%emt 00:08:46]} 16. Bc4 {[%clk 00:38:20]}
{[%emt 00:06:52]} Nxd4 {[%clk 00:25:54]} {[%emt 00:02:22]} 17. Qd1 {[%clk
00:27:11]} {[%emt 00:11:39]} Bc6 {[%clk 00:23:29]} {[%emt 00:02:55]} 18. f3
{[%clk 00:26:37]} {[%emt 00:01:05]} Nxf3+ {[%clk 00:20:16]} {[%emt 00:03:44]}
19. Rxf3 {[%clk 00:24:35]} {[%emt 00:02:31]} Qxd1+ {[%clk 00:20:15]} {[%emt
00:00:30]} 20. Rxd1 {[%clk 00:24:47]} {[%emt 00:00:19]} Bxf3 {[%clk 00:20:36]}
{[%emt 00:00:09]} 21. Rd2 {[%clk 00:25:03]} {[%emt 00:00:15]} Rag8 {[%clk
00:19:43]} {[%emt 00:01:22]} 22. g3 {[%clk 00:24:39]} {[%emt 00:00:54]} Re7
{[%clk 00:17:59]} {[%emt 00:02:14]} 23. Nxe6 {[%clk 00:19:35]} Rge8 {[%clk
00:17:03]} {[%emt 00:06:59]} 24. Nf4 {[%clk 00:19:50]} {[%emt 00:00:16]} Kg7
{[%clk 00:13:24]} {[%emt 00:04:07]} 25. Rf2 {[%clk 00:16:37]} {[%emt 00:03:45]}
Bc6 {[%clk 00:11:33]} {[%emt 00:02:21]} 26. Nh5+ {[%clk 00:16:16]} {[%emt
00:00:50]} Kg6 {[%clk 00:11:20]} {[%emt 00:00:43]} 27. Nxf6 {[%clk 00:14:58]}
{[%emt 00:01:49]} Rf8 {[%clk 00:11:37]} {[%emt 00:00:13]} 28. Bd3+ {[%clk
00:15:00]} {[%emt 00:00:28]} Kg7 {[%clk 00:10:05]} {[%emt 00:02:02]} 29. Nh5+
{[%clk 00:14:46]} {[%emt 00:00:44]} Kg8 {[%clk 00:09:37]} {[%emt 00:00:57]} 30.
Bc4+ {[%clk 00:14:40]} {[%emt 00:00:36]} Rff7 {[%clk 00:07:06]} {[%emt
00:03:02]} 31. Bxf7+ {[%clk 00:13:28]} {[%emt 00:01:42]} Rxf7 {[%clk 00:07:21]}
{[%emt 00:00:15]} 32. Rxf7 {[%clk 00:13:27]} {[%emt 00:00:32]} Kxf7 {[%clk
00:07:43]} {[%emt 00:00:07]} 33. Kf2 {[%clk 00:13:37]} {[%emt 00:00:20]} Kg6
{[%clk 00:07:04]} {[%emt 00:01:08]} 34. Nf4+ {[%clk 00:13:57]} {[%emt
00:00:10]} Kf5 {[%clk 00:06:26]} {[%emt 00:01:08]} 1/2-1/2